Online Catalogue and eLibrary

The perfect generosity of prince Vessantara (Record no. 917)

MARC details
000 -LEADER
fixed length control field 00656nam a2200157Ia 4500
005 - DATE AND TIME OF LATEST TRANSACTION
control field 20240726014018.0
008 - FIXED-LENGTH DATA ELEMENTS--GENERAL INFORMATION
fixed length control field 240331s9999 xx 000 0 und d
020 ## - INTERNATIONAL STANDARD BOOK NUMBER
ISBN 0198265301
082 ## - DDC Classification
Class No. 294.3
Item Number - Author Mark CON
100 ## - MAIN ENTRY--PERSONAL NAME
Personal name Cone, M
245 #4 - TITLE STATEMENT
Title The perfect generosity of prince Vessantara
260 ## - PUBLICATION, DISTRIBUTION, ETC.
Place of publication, distribution, etc. London
Name of publisher, distributor, etc. Oxford university press
Date of publication, distribution, etc. 1977
300 ## - PHYSICAL DESCRIPTION
Extent (e.g. Volumes, Pages etc.) xlvii, 111 p .,
500 ## - GENERAL NOTE
General note This book is intended both for the general reader and for the specialist. the general reader is invited to read the introduction, perhaps skipping section II, and the translation; he is warned that the story of Vessantara proper begins only in the middle pf p.8.
942 ## - Koha item type (Biblio)
Koha item type Books in Stacks (Lending)
Holdings
Lost status Damaged status Collection code Home library Current library Shelving location Date acquired Full call number Accession Number Item type
    Lending WERC Library WERC Library Social Science Cupboard 03/31/2024 294.3 CON 275 Books in Stacks (Lending)

© WERC Library